| 000 | 01262 a2200337 4500 | ||
|---|---|---|---|
| 999 |
_c77750 _d25555 |
||
| 001 | 77750 | ||
| 003 | TR-AnTOB | ||
| 005 | 20190613101316.0 | ||
| 008 | 100112s1998 tu 00000 eng | ||
| 020 | _a9758085069 | ||
| 040 |
_aTR-AnTOB _cTR-AnTOB |
||
| 041 | _aeng | ||
| 050 |
_aLC45.2 _b.N66 1998 |
||
| 090 | _aLC45.2 .N66 1998 | ||
| 111 | 2 |
_962820 _aNon-formal Education Syposium _ban instrument of societal development symposium _d(1997 : _cIstanbul, Turkey) |
|
| 245 | 0 |
_aNon-formal education : _ban instrument of societal development : symposium report, May 22-23, 1997. |
|
| 264 | 1 |
_aİstanbul : _bMinistry of National Education General Directorate of Apprenticeship and Non-Formal Education Mother Child Education Foundation, _c1998. |
|
| 300 |
_a283 p. : _bgrf., tbl. ; _c24 cm. |
||
| 336 |
_2rdacontent _atext _btxt |
||
| 337 |
_2rdamedia _aunmediated _bn |
||
| 338 |
_2rdacarrier _avolume _bnc |
||
| 490 | 0 |
_aA Mother Child Education Foundation ; _v11 |
|
| 590 | _aSayın Prof.Dr İhsan Sezal tarafından bağışlanmıştır. | ||
| 650 |
_aYaygın eğitim _vKongreler _962822 |
||
| 650 |
_aNon-formal education _vCongresses _962821 |
||
| 902 | _a30421 | ||
| 903 | _aMerkez Kütüphane | ||
| 942 |
_cBK _2lcc |
||
| 945 | _ago, BS | ||